Bài tập và bài giải tham khảo SQL Server 7.0/

Đã lưu trong:
Chi tiết về thư mục
Tác giả chính: Không rõ
Định dạng: Sách
Ngôn ngữ:Vietnamese
Được phát hành: TN 2003
Các nhãn: Thêm thẻ
Không có thẻ, Là người đầu tiên thẻ bản ghi này!
Thư viện lưu trữ: Mạng thư viện Đại học Đà Nẵng
LEADER 00662nam a2200265 4500
001 000027019
003 BA-T
005 20150403120000.0
008 150403s vm 000 vie
020 |c 0,0000 
040 |a notts 
100 |a Không rõ 
245 |a Bài tập và bài giải tham khảo SQL Server 7.0/  |c Nguyễn Gia Tuấn Anh, Trương Châu Longbiên soạn. 
260 |b TN  |c 2003 
OWN |a LTT 
999 |a From the UDN01 
TYP |a Monograph 
TYP |a Printed language 
980 |a Mạng thư viện Đại học Đà Nẵng